Countries along the Danube - Statistics

General Stats
  • This quiz has been taken 50 times
  • The average score is 12 of 17
Answer Stats
Answer % Correct
Right Bank Hungary
83%
Left Bank Germany
77%
Left Bank Ukraine
77%
Right Bank Austria
74%
Right Bank Romania
74%
Right Bank Germany
71%
Left Bank Romania
71%
Right Bank Croatia
69%
Left Bank Hungary
69%
Left Bank Austria
66%
Right Bank Serbia
66%
Left Bank Serbia
66%
Left Bank Moldova
63%
Right Bank Slovakia
63%
Right Bank Ukraine
63%
Right Bank Bulgaria
60%
Left Bank Slovakia
60%
No matching quizzes found
Score Distribution
Percent of People with Each Score
Percentile by Number Answered
Your Score History
You have not taken this quiz